|
|
|
|
| LEADER |
00884nam a2200217 a 4500 |
| 001 |
6395262 |
| 008 |
090706r19721925enk 000 0 eng d |
| 020 |
|
|
|a 0374981515
|
| 010 |
|
|
|a 26026415
|
| 040 |
|
|
|a DLC
|c GDS
|d DLC
|
| 082 |
0 |
0 |
|a 827.509
|2 18
|
| 100 |
1 |
|
|a Walker, Hugh,
|d 1855-1939.
|
| 245 |
1 |
0 |
|a English satire and satirists /
|c by Hugh Walker.
|
| 260 |
|
|
|a London
|a Toronto,
|b J.M. Dent & sons ltd.;
|a New York,
|b Octagon Books,
|c 1925.[Reprinted 1972]
|
| 300 |
|
|
|a x,325,[1] p.
|c 21 cm.
|
| 490 |
1 |
|
|a The Channels of English literature.
|
| 541 |
1 |
|
|e 00010270
|
| 650 |
|
0 |
|a Satire, English
|x History and criticism.
|
| 852 |
4 |
|
|a Ayesha Abed Library
|j General shelf
|
| 999 |
|
|
|c 2038
|d 2038
|
| 952 |
|
|
|0 0
|1 0
|2 ddc
|4 1
|6 827_509000000000000_WAL_1972
|7 0
|9 1874
|a BRACUL
|b BRACUL
|c SPS
|d 2009-07-06
|g 0.00
|l 0
|o 827.509 WAL
|p 3010010270
|r 2009-07-06
|t 1
|w 2009-07-06
|y BK
|x No price found in the accession register.
|